000 00820nam a2200217Ii 4500
003 JO-AjNU
008 230605s9999||||xx |||||||||||||| ||und||
017 _a3677/8/2013
020 _a978-9957-81-861-7
040 _aJO-AjNU
_bara
_erda
_cJO-AjNU
041 _aara
050 1 4 _aRC454.A93 2014
100 3 _aالأعظمي، سعيد رشيد,
_eauthor
_957755
245 0 0 _aاضطرابات السلوك: تشخيصها والوقاية منها
264 3 1 _aعمان: دار جليس الزمان، 2014
300 _a302ص
336 _atext
_btxt
_2rdacontent
337 _aunmediated
_bn
_2rdamedia
338 _avolume
_bnc
_2rdacarrier
650 4 _aالطب النفسي- الصحه النفسيه - اضطرابات السلوك- سيكيولوجية الشخصية- علم نفس الأفراد
_957756
999 _aA25900
_c29468
_d29468